La incidencia de los agentes naturales y antropogénicos en la evolución geomorfológica de la región río Chico - río Grande, Tierra del Fuego /

Guardado en:
Otros Autores: Quiroga, Diego Rubén Andrés. (Disertante), Coronato, Andrea María Josefa. (Orientador), Angeles, Guillermo Raúl. (Orientador)
Formato: Manuscrito
Idioma:Spanish
Publicado: 2018.
Materias:
Acceso en línea:Texto completo
Etiquetas: Agregar Etiqueta
Sin Etiquetas, Sea el primero en etiquetar este registro!
LEADER 01494ntm a22003135a 4500
001 EUN.eunm007515
008 180905s2018####ag#######bm###000#0#spa#d
005 20220803093251.0
245 1 3 |a La incidencia de los agentes naturales y antropogénicos en la evolución geomorfológica de la región río Chico - río Grande, Tierra del Fuego /  |c tesista: Diego Rubén Andrés Quiroga ; directores: Andrea María Josefa Coronato, Guillermo Raúl Ángeles. 
260 |c 2018. 
300 |a xiii, 184 h. :  |b il. col. ;  |c 30 cm. 
502 |a Tesis (doctoral)--Universidad Nacional del Sur. Departamento de Geografía y Turismo, 2018. 
504 |a Incluye referencias bibliográficas. 
530 |a Disponible también en formato digital. 
100 1 |a Quiroga, Diego Rubén Andrés.  |4 dis 
700 1 |a Coronato, Andrea María Josefa.  |4 ths 
700 1 |a Angeles, Guillermo Raúl.  |4 ths 
710 2 |a Universidad Nacional del Sur.  |b Departamento de Geografía y Turismo  |4 dgg. 
082 0 4 |a 040  |2 15 
082 0 4 |a 551.4  |2 19 
650 7 |a Geografía.  |2 unbist 
650 7 |a Geomorfología.  |2 unbist 
651 7 |a Río Grande (Tierra del Fuego : Argentina) 
651 7 |a Tierra del Fuego (Argentina) 
653 |a Agentes naturales 
653 |a Agentes antropogénicos 
856 4 1 |3 Texto completo  |u http://repositoriodigital.uns.edu.ar/handle/123456789/4380 
859 |a AR-BaUNS  |b BIB. CENTRAL - Tesis  |h 040  |i B148 2018-1595  |k R  |p 126747/018 
859 |a AR-BaUNS  |b Dto. Geografia  |h 040  |i B148 2018-1595  |p 126748/018